Focus sur: Angrod - Tolkien - Statistiques

Statistiques générales
  • Ce quiz a été pris 14 fois
  • Le résultat moyen est 11 sur 18
Statistiques - réponses
Informations recherchées Réponses % Correct
Couleur des cheveux Doré
100%
Espèce Elfe
100%
Age durant lequel il vécut Premier
100%
Première apparition Le Silmarillion
89%
Groupe de l'espèce Noldor
89%
Père Finarfin
78%
Maison (lignée) Finarfin
78%
Sœur Galadriel
78%
Contrées et royaumes Valinor
78%
Aegnor
56%
Frères Finrod
56%
Cité Tirion
56%
Orodreth
44%
Dorthonion
33%
Mère Eärwen
33%
Autres noms Angaráto
11%
Epouse Eldalótë
11%
Angamaitë
0%
Aucun quiz correspondant
Distribution des résultats
% des personnes avec chaque résultat
Percentile par nombre de réponses
Votre historique - résultats
Vous n’avez pas pris ce quiz